Adoption of Voluntary Environmental Tools in Slovak Republic - Focused on ISO 14001 and EMAS
Analýza používania dobrovoľných environmentálnych nástrojov v podnikoch na Slovensku (malé, stredné, malé a mikro) so zameraním na ISO 14001 a EMAS. Identifikácia základných faktorov, ktoré ovplyvňujú využívanie environmentálnych nástrojov, a vyhodnotenie ich vplyvu na zvýšenie schopnosti konkurova...
Gespeichert in:
| 1. Verfasser: | |
|---|---|
| Format: | Buchkapitel |
| Sprache: | Englisch |
| Schlagworte: | |
| Tags: |
Keine Tags, Fügen Sie das erste Tag hinzu!
|
MARC
| LEADER | 00000naa a2200000 4500 | ||
|---|---|---|---|
| 001 | 0260263 | ||
| 005 | 20240502083742.8 | ||
| 041 | 0 | |a eng | |
| 044 | |a CH | ||
| 245 | 1 | 0 | |a Adoption of Voluntary Environmental Tools in Slovak Republic - Focused on ISO 14001 and EMAS |c Martina Džubáková |
| 520 | |a Analýza používania dobrovoľných environmentálnych nástrojov v podnikoch na Slovensku (malé, stredné, malé a mikro) so zameraním na ISO 14001 a EMAS. Identifikácia základných faktorov, ktoré ovplyvňujú využívanie environmentálnych nástrojov, a vyhodnotenie ich vplyvu na zvýšenie schopnosti konkurovať iným subjektom vo svojom odbore. | ||
| 610 | 2 | 0 | |a konkurencieschopnosť |
| 610 | 2 | 0 | |a normy ISO |
| 610 | 2 | 0 | |a Slovensko |
| 610 | 2 | 0 | |a politika environmentálna |
| 610 | 2 | 0 | |a podnik |
| 100 | 1 | |a Džubáková, Martina | |